000 00476nam a22001337a 4500
005 20250113080357.0
008 241004b |||||||| |||| 00| 0 eng d
100 _aVictoria, Pablo J.
_eauthor.
_962265
245 _aAn experience /
_cPablo J. Victoria.
260 _aPhilippines;
_bPublishers Association of the Philippines, Inc.,
_cFebruary 2019.
300 _aVolume 66, pages 338-342
_billustration.
700 _aVictoria, Pablo J.
_eauthor.
_962266
942 _2ddc
_cPER
999 _c22225
_d22225